Handbook of Wireless Networks and Mobile Computing (Record no. 5991)
[ view plain ]
| 000 -LEADER | |
|---|---|
| fixed length control field | 00354nam a2200133Ia 4500 |
| 008 - FIXED-LENGTH DATA ELEMENTS--GENERAL INFORMATION | |
| fixed length control field | 191201s2012 xx 000 0 und d |
| 100 ## - MAIN ENTRY--PERSONAL NAME | |
| Personal name | STOJMENOVIC, Ivan |
| 245 #0 - TITLE STATEMENT | |
| Title | Handbook of Wireless Networks and Mobile Computing |
| 250 ## - EDITION STATEMENT | |
| Edition statement | Rep |
| 260 ## - PUBLICATION, DISTRIBUTION, ETC. (IMPRINT) | |
| Place of publication, distribution, etc | New Delhi |
| Name of publisher, distributor, etc | Wiley Dreautech India |
| Date of publication, distribution, etc | 2012 |
| 300 ## - PHYSICAL DESCRIPTION | |
| Extent | 630 |
| 650 ## - SUBJECT ADDED ENTRY--TOPICAL TERM | |
| Topical term or geographic name as entry element | M.Tech(CSE) |
| 942 ## - ADDED ENTRY ELEMENTS (KOHA) | |
| Source of classification or shelving scheme | Dewey Decimal Classification |
| Koha item type | Text Books |
| Withdrawn status | Lost status | Source of classification or shelving scheme | Damaged status | Not for loan | Collection code | Home library | Current library | Date acquired | Source of acquisition | Cost, normal purchase price | Bill Number | Total Checkouts | Full call number | Acc. no. / Barcode | Date last seen | Actual Cost, discounted price | Bill Date | Koha item type |
|---|---|---|---|---|---|---|---|---|---|---|---|---|---|---|---|---|---|---|
| Dewey Decimal Classification | B.Tech(CSE) | PIET C-LIBRARY | PIET C-LIBRARY | 09/08/2014 | Orange Books International | 539.00 | 4580 | 004.65 STH | 24773 | 04/12/2019 | 388.08 | 31/07/2014 | Text Books | |||||
| Dewey Decimal Classification | B.Tech(CSE) | PIET C-LIBRARY | PIET C-LIBRARY | 09/08/2014 | Orange Books International | 539.00 | 4580 | 004.65 STH | 24774 | 04/12/2019 | 388.08 | 31/07/2014 | Text Books | |||||
| Dewey Decimal Classification | B.Tech(CSE) | PIET C-LIBRARY | PIET C-LIBRARY | 09/08/2014 | Orange Books International | 539.00 | 4580 | 004.65 STH | 24775 | 04/12/2019 | 388.08 | 31/07/2014 | Text Books | |||||
| Dewey Decimal Classification | B.Tech(CSE) | PIET C-LIBRARY | PIET C-LIBRARY | 09/08/2014 | Orange Books International | 539.00 | 4580 | 004.65 STH | 24776 | 04/12/2019 | 388.08 | 31/07/2014 | Reference Books |